[Event "St Petersburg White Nights op"]
[Site "St Petersburg"]
[Date "2007.07.02"]
[Round "8"]
[White "Korolev, Alexey"]
[Black "Lysiniuk, Leonid"]
[Result "1/2-1/2"]
[WhiteElo "2087"]
[BlackElo "1995"]
[PlyCount "112"]
[EventDate "2007.06.25"]
[EventType "swiss"]
[EventRounds "9"]
[EventCountry "RUS"]
[SourceTitle "CBM 119 Extra"]
[Source "ChessBase"]
[SourceDate "2007.09.04"]
[SourceVersion "1"]
[SourceVersionDate "2007.09.04"]
[SourceQuality "1"]

1. e4 e5 2. Nf3 Nc6 3. Bc4 Bc5 4. c3 Nf6 5. d4 exd4 6. cxd4 Bb4+ 7. Nc3 Nxe4 8. 0-0 Bxc3 9. d5 Bf6 10. Re1 0-0 11. Rxe4 Ne7 12. d6 cxd6 13. Qxd6 Nf5 14. Qd5 d6 15. Rb1 Ne7 16. Qh5 Bf5 17. Bd3 g6 18. Qh6 d5 19. Rxe7 Bg7 20. Qh4 Bxd3 21. Ra1 Rc8 22. Bg5 Rc4 23. Rxf7 Rxh4 24. Rxg7+ Kxg7 25. Bxd8 Rxd8 26. Nxh4 Bc2 27. Rc1 Rc8 28. Nf3 Bf5 29. Rc3 Kf6 30. Kf1 b5 31. Ke2 Rxc3 32. bxc3 Bg4 33. Ke3 Bxf3 34. Kxf3 Ke5 35. Ke3 g5 36. h3 a5 37. a3 h6 38. g3 h5 39. f4+ gxf4+ 40. gxf4+ Kf5 41. h4 a4 42. Kd4 Kxf4 43. Kxd5 Kg4 44. Kc5 Kxh4 45. Kxb5 Kg5 46. c4 h4 47. c5 h3 48. c6 h2 49. c7 h1Q 50. c8Q Qd1 51. Qg8+ Kf6 52. Qh8+ Ke6 53. Qe8+ Kf6 54. Qc6+ Ke5 55. Qe8+ Kf6 56. Ka5 Qb3 1/2-1/2

[Event "St Petersburg White Nights op"]
[Site "St Petersburg"]
[Date "2007.06.30"]
[Round "6"]
[White "Bogdanov, Andrei"]
[Black "Lysiniuk, Leonid"]
[Result "1-0"]
[WhiteElo "2087"]
[BlackElo "1995"]
[PlyCount "113"]
[EventDate "2007.06.25"]
[EventType "swiss"]
[EventRounds "9"]
[EventCountry "RUS"]
[SourceTitle "CBM 119 Extra"]
[Source "ChessBase"]
[SourceDate "2007.09.04"]
[SourceVersion "1"]
[SourceVersionDate "2007.09.04"]
[SourceQuality "1"]

1. c4 e5 2. Nc3 Nf6 3. e3 d5 4. cxd5 Nxd5 5. Nf3 Nxc3 6. bxc3 Bd6 7. e4 0-0 8. Bc4 Nd7 9. 0-0 Nc5 10. Re1 Re8 11. Qc2 Be6 12. Bxe6 Rxe6 13. Rb1 b6 14. d4 Nd7 15. Bb2 Rg6 16. Rbd1 Qf6 17. Kf1 Rd8 18. h3 Qe7 19. Re2 Re6 20. Bc1 h6 21. g3 Qf6 22. Kg2 g5 23. Nh2 Qe7 24. Ng4 exd4 25. cxd4 f5 26. d5 Rxe4 27. Nxh6+ Kh7 28. Rxe4 fxe4 29. Nf5 Qe5 30. Bxg5 Re8 31. Nxd6 cxd6 32. Bf4 Qf6 33. Qc7 Re7 34. Qxd6 Qf7 35. Qb4 Nc5 36. d6 Rd7 37. Rd2 Qf5 38. Qb5 Qe6 39. Qe2 Qf7 40. f3 exf3+ 41. Qxf3 Qe8 42. Rd5 Ne6 43. Qe4+ Kg8 44. Re5 Nxf4+ 45. gxf4 Qf7 46. Re8+ Kg7 47. Qe5+ Kg6 48. Qg5+ Kh7 49. Re7 Rxe7 50. Qxe7 Kg7 51. Kf3 Qxe7 52. dxe7 Kf7 53. Ke4 Kxe7 54. h4 b5 55. Kd4 Kf6 56. Kc5 a6 57. Kb6 1-0

[Event "St Petersburg Zak Memorial"]
[Site "St Petersburg"]
[Date "2007.03.25"]
[Round "2"]
[White "Turikov, Viktor"]
[Black "Lysiniuk, Leonid"]
[Result "1-0"]
[WhiteElo "2374"]
[BlackElo "1995"]
[PlyCount "127"]
[EventDate "2007.03.24"]
[EventType "team"]
[EventRounds "9"]
[EventCountry "RUS"]
[SourceTitle "CBM 117 Extra"]
[Source "ChessBase"]
[SourceDate "2007.05.09"]
[SourceVersion "1"]
[SourceVersionDate "2007.05.09"]
[SourceQuality "1"]

1. d4 d5 2. Nf3 Nf6 3. e3 c6 4. Bd3 Bg4 5. Nbd2 e6 6. c3 Nbd7 7. Qc2 c5 8. 0-0 c4 9. Be2 Bf5 10. Qd1 Ne4 11. Nxe4 Bxe4 12. b3 b5 13. a4 a6 14. Nd2 Nf6 15. f3 Bg6 16. e4 Be7 17. e5 Nd7 18. f4 0-0 19. Bb2 Qb6 20. a5 Qa7 21. b4 Qc7 22. Bc1 f6 23. Bg4 Qc6 24. exf6 gxf6 25. f5 exf5 26. Bxf5 Bxf5 27. Rxf5 Qe6 28. Qf3 Kh8 29. Nf1 Qe1 30. Rxd5 Ne5 31. dxe5 fxe5 32. Rd1 Rxf3 33. Rxe1 Rxc3 34. Rb1 Rc2 35. Ne3 Ra2 36. Nd5 Bh4 37. g3 Rd8 38. Nc3 Rc2 39. Ne4 Be7 40. Bb2 Kg8 41. Bxe5 Rd3 42. Bf4 Rb3 43. Bd6 Bxd6 44. Nxd6 Rbb2 45. Rxb2 Rxb2 46. Re8+ Kg7 47. Ra8 c3 48. Nf5+ Kf6 49. Ne3 Ke5 50. Rxa6 Kd4 51. Rc6 Re2 52. Nf5+ Kd3 53. a6 Ra2 54. Ne3 Rxa6 55. Rxa6 Kxe3 56. Rc6 Kd2 57. g4 c2 58. h4 c1Q+ 59. Rxc1 Kxc1 60. g5 Kc2 61. h5 Kc3 62. g6 hxg6 63. hxg6 Kxb4 64. g7 1-0

[Event "Chigorin Memorial-B 14th"]
[Site "St Petersburg"]
[Date "2006.10.27"]
[Round "6"]
[White "Lysiniuk, Leonid"]
[Black "Matrosov, Vladimir"]
[Result "0-1"]
[WhiteElo "1987"]
[BlackElo "2108"]
[PlyCount "54"]
[EventDate "2006.10.23"]
[EventType "swiss"]
[EventRounds "9"]
[EventCountry "RUS"]
[SourceTitle "EXT 2007"]
[Source "ChessBase"]
[SourceDate "2006.11.23"]
[SourceVersion "1"]
[SourceVersionDate "2006.11.23"]
[SourceQuality "1"]

1. d4 e6 2. Nc3 d5 3. Nf3 f5 4. Ne5 Nf6 5. Bg5 Bd6 6. e3 Nbd7 7. Nd3 c6 8. Bf4 Qc7 9. Bxd6 Qxd6 10. f4 0-0 11. Nb1 c5 12. c3 Ng4 13. Qc1 Qe7 14. g3 b6 15. h3 Ngf6 16. Qd1 Ne4 17. Qf3 Ba6 18. Ne5 Bxf1 19. Rxf1 Nxe5 20. dxe5 Rad8 21. Nd2 Nxd2 22. Kxd2 d4 23. c4 dxe3+ 24. Kxe3 Rd4 25. b3 Rfd8 26. Rad1 Qd7 27. Rxd4 Qxd4+ 0-1

[Event "Chigorin Memorial-B 14th"]
[Site "St Petersburg"]
[Date "2006.10.25"]
[Round "4"]
[White "Lysiniuk, Leonid"]
[Black "Utkin, Vladimir"]
[Result "0-1"]
[WhiteElo "1987"]
[BlackElo "2074"]
[PlyCount "60"]
[EventDate "2006.10.23"]
[EventType "swiss"]
[EventRounds "9"]
[EventCountry "RUS"]
[SourceTitle "EXT 2007"]
[Source "ChessBase"]
[SourceDate "2006.11.23"]
[SourceVersion "1"]
[SourceVersionDate "2006.11.23"]
[SourceQuality "1"]

1. e4 e5 2. Nf3 Nf6 3. Nxe5 d6 4. Nf3 Nxe4 5. Nc3 Nxc3 6. dxc3 Be7 7. Be3 Nc6 8. Qd2 0-0 9. 0-0-0 Ne5 10. Nd4 Re8 11. h3 d5 12. Nb3 Nc4 13. Bxc4 dxc4 14. Qe2 Bd6 15. Nd4 Qf6 16. Qxc4 Bf4 17. Bd2 Bd6 18. Rhe1 Bd7 19. Qd5 b6 20. Nb5 Bxb5 21. Qxb5 Kf8 22. Qh5 h6 23. Kb1 Rxe1 24. Rxe1 Qxf2 25. Re2 Qf1+ 26. Bc1 Bf4 27. a3 Bxc1 28. Ka2 Bg5 29. Qg4 Qf4 30. Qd7 Qc4+ 0-1

[Event "St Petersburg White Nights op"]
[Site "St Petersburg"]
[Date "2006.06.30"]
[Round "8"]
[White "Lysiniuk, Leonid"]
[Black "Kosov, Igor"]
[Result "1-0"]
[WhiteElo "2003"]
[BlackElo "1684"]
[PlyCount "49"]
[EventDate "2006.06.23"]
[EventType "swiss"]
[EventRounds "9"]
[EventCountry "RUS"]
[SourceTitle "CBM 112 Extra"]
[Source "ChessBase"]
[SourceDate "2006.07.14"]
[SourceVersion "1"]
[SourceVersionDate "2006.07.14"]
[SourceQuality "1"]

1. e4 c5 2. Nf3 Nc6 3. d4 cxd4 4. Nxd4 Nf6 5. Nc3 e5 6. Ndb5 d6 7. Bg5 Be7 8. Bxf6 Bxf6 9. Nd5 0-0 10. Bc4 a6 11. Nbc7 Ra7 12. a4 Be7 13. c3 Qd7 14. Nxe7+ Nxe7 15. Nd5 Nxd5 16. Bxd5 b5 17. 0-0 Bb7 18. axb5 Qxb5 19. Bxb7 Rxb7 20. Qxd6 Qxb2 21. Qxe5 Rb3 22. Rxa6 Rc8 23. Rc6 Rxc3 24. Rxc8+ Rxc8 25. Qxb2 1-0

[Event "St Petersburg White Nights op"]
[Site "St Petersburg"]
[Date "2006.06.27"]
[Round "5"]
[White "Nikologorsky, Matfei"]
[Black "Lysiniuk, Leonid"]
[Result "1-0"]
[WhiteElo "2075"]
[BlackElo "2003"]
[PlyCount "137"]
[EventDate "2006.06.23"]
[EventType "swiss"]
[EventRounds "9"]
[EventCountry "RUS"]
[SourceTitle "CBM 112 Extra"]
[Source "ChessBase"]
[SourceDate "2006.07.14"]
[SourceVersion "1"]
[SourceVersionDate "2006.07.14"]
[SourceQuality "1"]

1. c4 e5 2. Nc3 Nf6 3. g3 d5 4. cxd5 Nxd5 5. Bg2 Be6 6. Nf3 Nc6 7. 0-0 Be7 8. d4 Nxc3 9. bxc3 e4 10. Nd2 f5 11. e3 0-0 12. c4 Nb4 13. Bb2 c6 14. Bc3 Nd3 15. Rb1 b6 16. f3 f4 17. gxf4 Nxf4 18. exf4 e3 19. Re1 Bd6 20. Rxe3 Bf5 21. Rb2 Bxf4 22. Re1 Qh4 23. Nf1 Rf6 24. d5 Rh6 25. Qd4 Qg5 26. Bd2 Bxd2 27. Rxd2 c5 28. Qe3 Qh4 29. d6 Re6 30. Qxe6+ Bxe6 31. Rxe6 Qxc4 32. f4 Qxe6 33. Bxa8 Qg4+ 34. Bg2 Qd7 35. Ne3 b5 36. Ng4 c4 37. Ne5 Qd8 38. d7 c3 39. Re2 Qb6+ 40. Kf1 Qd4 41. Be4 g6 42. Kg2 a5 43. Bc6 Qd1 44. Kg3 Qg1+ 45. Rg2 Qe3+ 46. Nf3 Qb6 47. Bxb5 Kg7 48. Rc2 h6 49. Rxc3 g5 50. Rc6 gxf4+ 51. Kg4 Qxb5 52. d8Q Qxc6 53. Qe7+ Kg8 54. Qf7+ Kh8 55. Ne5 Qg2+ 56. Kf5 Qh3+ 57. Kf6 Qh4+ 58. Ke6 Qh3+ 59. Ke7 Qa3+ 60. Kf6 Qd6+ 61. Kf5 Qc5 62. Qf6+ Kg8 63. Qf7+ Kh8 64. Kf6 Qd6+ 65. Qe6 Qd8+ 66. Qe7 Qb6+ 67. Kf7 f3 68. Qe8+ Kh7 69. Qg8# 1-0

[Event "St Petersburg White Nights op"]
[Site "St Petersburg"]
[Date "2006.06.26"]
[Round "4"]
[White "Lysiniuk, Leonid"]
[Black "Bogdanov, Andrei"]
[Result "0-1"]
[WhiteElo "2003"]
[BlackElo "2089"]
[PlyCount "80"]
[EventDate "2006.06.23"]
[EventType "swiss"]
[EventRounds "9"]
[EventCountry "RUS"]
[SourceTitle "CBM 112 Extra"]
[Source "ChessBase"]
[SourceDate "2006.07.14"]
[SourceVersion "1"]
[SourceVersionDate "2006.07.14"]
[SourceQuality "1"]

1. e4 d6 2. d4 Nf6 3. Nc3 g6 4. f4 Bg7 5. Nf3 c6 6. Be3 b5 7. Bd3 b4 8. Ne2 a5 9. h3 Ba6 10. c4 d5 11. e5 Ne4 12. b3 f5 13. c5 Bxd3 14. Qxd3 e6 15. Bf2 Bf8 16. Bh4 Be7 17. Bxe7 Qxe7 18. h4 h6 19. Nd2 Na6 20. Nxe4 dxe4 21. Qh3 0-0-0 22. Kf2 Nxc5 23. dxc5 Rd3 24. g3 Qxc5+ 25. Kg2 Qe3 26. Rhe1 Rd2 27. Kh1 Rxe2 28. Qf1 Rxe1 29. Rxe1 Qd3 30. Qf2 Qf3+ 31. Qxf3 exf3 32. Rc1 Kc7 33. Kg1 Rd8 34. Rc2 h5 35. Kf2 Rd3 36. g4 fxg4 37. f5 gxf5 38. Kg3 Rd4 39. a3 f4+ 40. Kh2 g3+ 0-1